000 00403nam a22001691a 4500
020 _a9788190665315
082 _a305.486 9
_bBHA/I
100 _aBhasker A Shukla
245 _aIslam and feminism/
_cby Bhasker A Shukla
260 _aJaipur:
_bVital,
_c2008.
300 _a224p.
650 _aIslamic Feminism
650 _aWomen Islam
650 _aIslam
650 _aSocial Sciences
942 _cBK
999 _c21036
_d21036